00390pab a2200145 454500008004000000100002000040245005500060260000900115300001500124362000800139650003300147650001700180700001700197773003000214180718b2011 xxu||||| |||| 00| 0 eng d aRiddell, Sheila aEquality and human rights in Britain: Introduction c2011 ap.191-192. aApr aHuman rights - Great Britain aHuman rights aWatson, Nick aSocial Policy and Society